লাইফ এন্ড টাইমস অব মাইকেল কে / (Record no. 39505)
[ view plain ]
| 000 -LEADER | |
|---|---|
| fixed length control field | 01055nam a2200253 a 4500 |
| 001 - CONTROL NUMBER | |
| control field | 39505 |
| 003 - CONTROL NUMBER IDENTIFIER | |
| rucl marc code | BD-RjUL |
| 005 - DATE AND TIME OF LATEST TRANSACTION | |
| control field | 20211209053014.0 |
| 008 - FIXED-LENGTH DATA ELEMENTS--GENERAL INFORMATION | |
| fixed length control field | 160411b bg ||||e |||| 00| 0 ben d |
| 020 ## - INTERNATIONAL STANDARD BOOK NUMBER | |
| International Standard Book Number | 9847020900603 |
| Terms of availability | : tk. 210.00 |
| 035 ## - SYSTEM CONTROL NUMBER | |
| System control number | (BD-RjUL)39618 |
| 040 ## - CATALOGING SOURCE | |
| Original cataloging agency | BD-RjUL |
| Language of cataloging | ben |
| Transcribing agency | BD-RjUL |
| 041 ## - LANGUAGE CODE | |
| Language code of text/sound track or separate title | ben |
| 082 ## - DEWEY DECIMAL CLASSIFICATION NUMBER | |
| Edition number | 23 |
| Classification number | 823 |
| Author mark and year | COL 2010 |
| 100 ## - MAIN ENTRY--PERSONAL NAME | |
| Personal name | কোয়েটজি,জে. এম. |
| 9 (RLIN) | 121729 |
| 245 10 - TITLE STATEMENT | |
| Title | লাইফ এন্ড টাইমস অব মাইকেল কে / |
| Statement of responsibility, etc. | জে. এম. কোয়েটজি, অনুবাদ : মোরশেদুর রহমান |
| 260 ## - PUBLICATION, DISTRIBUTION, ETC. (IMPRINT) | |
| Place of publication, distribution, etc. | ঢাকা : |
| Name of publisher, distributor, etc. | সন্দেশ, |
| Date of publication, distribution, etc. | ২০১০. |
| 300 ## - PHYSICAL DESCRIPTION | |
| Pagination | ১৯২ পৃ. |
| Size | ২০ সেমি. |
| 500 ## - GENERAL NOTE | |
| General note | ২০০৩ সালে সাহিত্যে নোবেল পুরুস্কার বিজয়ী |
| 650 ## - SUBJECT ADDED ENTRY--TOPICAL TERM | |
| Topical term or geographic name as entry element | ইংরেজি উপন্যাস |
| 9 (RLIN) | 121316 |
| Topical term or geographic name as entry element | English Fiction |
| 9 (RLIN) | 120371 |
| 700 ## - ADDED ENTRY--PERSONAL NAME | |
| Personal name | রহমান,মোরশেদুর |
| 942 ## - ADDED ENTRY ELEMENTS (KOHA) | |
| Source of classification or shelving scheme | Dewey Decimal Classification |
| Koha item type | Books |
| Lost status | Source of classification or shelving scheme | Damaged status | Not for loan | Collection code | Permanent Location | Current Location | Shelving location | Date acquired | Source of acquisition | Cost, normal purchase price | Total Checkouts | Full call number | Date last seen | Copy number | Koha item type | Date checked out |
|---|---|---|---|---|---|---|---|---|---|---|---|---|---|---|---|---|
| Dewey Decimal Classification | Not For Loan | Fiction | Central Library, University of Rajshahi | Central Library, University of Rajshahi | Reading Room | 24/06/2013 | sandesh,Dhaka | 210.00 | B 823 COL 2010 | 11/04/2016 | C-1 | Books | ||||
| Dewey Decimal Classification | Fiction | Central Library, University of Rajshahi | Central Library, University of Rajshahi | 24/06/2013 | sandesh,Dhaka | 210.00 | 1 | B 823 COL 2010 | 01/09/2016 | C-2 | Books | 27/08/2016 | ||||
| Dewey Decimal Classification | Fiction | Central Library, University of Rajshahi | Central Library, University of Rajshahi | 24/06/2013 | sandesh,Dhaka | 210.00 | B 823 COL 2010 | 11/04/2016 | C-2 | Books |